000 00353 a2200157 4500
001 75050
020 _a9788561730994
040 _cAnchieta - Colégio São Paulo
100 _aObeid, César
240 1 0 _aVida rima com cordel
_lpor
245 1 0 _aVida rima com cordel
300 _a40
362 0 _a2013
650 4 _aLiteratura juvenil
942 _cBK
999 _c75050
_d75050